| 000 | 00493nam a2200181 a 4500 | ||
|---|---|---|---|
| 001 | 3349 | ||
| 003 | CDMR | ||
| 005 | 20151022134202.0 | ||
| 008 | 130130s1985||||||||||||||||||||||||||||d | ||
| 020 | _a8430911278 | ||
| 040 |
_aCDMR _bcat _cCDMR |
||
| 100 | 1 |
_aFernandez-Shaw, Félix _91483 |
|
| 245 | 1 | 0 | _aRelaciones internacionales y medios audiovisuales |
| 260 |
_aMadrid _c1985 _bTecnos |
||
| 490 | 0 | _aSerie de Relaciones Internacionales | |
| 650 | 0 | 4 |
_93994 _aPolítica mundial |
| 942 |
_cMON _2udc |
||
| 999 |
_c3349 _d3349 |
||